Celebraciones creativas. Modelos y desafíos.
Saved in:
| Hovedforfatter: | |
|---|---|
| Format: | Ukendt |
| Udgivet: |
Barcelona, España:
Centre de Pastoral Litúrgica,
2021.
|
| Udgivelse: | Primera edición. |
| Serier: | Biblioteca Litúrgica
|
| Fag: | |
| Tags: |
Tilføj Tag
Ingen Tags, Vær først til at tagge denne postø!
|
MARC
| LEADER | 00000 a2200000 4500 | ||
|---|---|---|---|
| 003 | CL-VaPUC | ||
| 005 | 20221108151020.0 | ||
| 008 | 221024t2021 ||||| |||| 00| 0 eng d | ||
| 999 | |c 438829 |d 438827 | ||
| 020 | |a 978-84-9165-406-3 | ||
| 040 | |c Pontificia Universidad Católica de Valparaíso | ||
| 082 | |2 22 |a 264 DEP 2021 | ||
| 100 | |a Depalma, Paula |9 876795 |e autora | ||
| 245 | |a Celebraciones creativas. |b Modelos y desafíos. | ||
| 250 | |a Primera edición. | ||
| 260 | |a Barcelona, España: |b Centre de Pastoral Litúrgica, |c 2021. | ||
| 300 | |a 137 páginas. | ||
| 490 | |a Biblioteca Litúrgica |n 63. | ||
| 583 | |k GC |c 20221024 | ||
| 650 | 0 | |9 337235 |a Ceremonias religiosas |x Liturgias | |
| 650 | 0 | |9 352850 |a Iglesias |v Crítica e interpretación |x Celebraciones religiosas |x Creatividad | |
| 650 | 0 | |9 257361 |a Cristianismo |x Ritos | |
| 942 | |2 ddc |c BK | ||
| 952 | |0 0 |1 0 |2 ddc |4 0 |6 264_000000000000000_DEP_2021 |7 0 |8 A |9 587367 |a BIBTEO |b BIBTEO |c GEN |d 2022-10-18 |e 3 |g 24421.00 |i 5655266 |o 264 DEP 2021 |p 5655266 |r 2025-01-17 |t 1 |v 24421.00 |w 2022-10-18 |y BK |k ICR | ||